=LDR 00000nam 2200000 4500 =001 NUTBA000000000003933 =990 ##$$a 21408934 =005 20140829104021.0 =990 ##$$a 21408932 =006 =990 ##$$a 21408933 =007 =990 ##$$a 21408935 =008 =990 ##$$a 21408936 =020 ##$$a 978-602-95977-8-3 =035 ##$$a 0010-081400000000778 =040 ##$$a NBPDMAT =082 ##$$a 398.2 =090 ##$$a 398.2 $b Dow z =100 ##$$a Dowden Ken =245 ##$$a Zeus sang raja petir / $c Ken Dowden ; penerjemah Freddi Mutiara ; editor, Mareta =260 ##$$a Surabaya : $b Portica, $c 2010 =300 ##$$a xii, 256 hlm. ; $c 19 cm. =650 ##$$a Mitologi =990 ##$$a 21408932